Local rings /

Guardado en:
Autor Principal: Nagata, Masayoshi, 1927-
Formato: Libro
Idioma:English
Publicado: New York : Interscience, c1962.
Series:Interscience tracts in pure and applied mathematics ; no. 13
Etiquetas: Agregar Etiqueta
Sin Etiquetas, Sea el primero en etiquetar este registro!
LEADER 00543nam a22001695a 4500
001 MAT.inmabb001100
008 031120s1962####nyu###########000#0#eng#d
005 20130408165016.0
245 1 0 |a Local rings /  |c Masayoshi Nagata. 
260 |a New York :  |b Interscience,  |c c1962. 
300 |a xiii, 234 p. ;  |c 24 cm. 
440 0 |a Interscience tracts in pure and applied mathematics ;  |v no. 13 
510 4 |a MR,  |c 27 #5790 
100 1 |a Nagata, Masayoshi,  |d 1927- 
084 |a 13Hxx (16Lxx)  |2 msc2000 
010 |a  62017459  
859 |h 13  |i N147  |p A-1068  |b BIB. MATEMATICA